Worls polistics faces economic
Spremljeno u:
| Glavni autor: | |
|---|---|
| Format: | Knjiga |
| Jezik: | Undetermined |
| Izdano: |
New York
McGraw-Hill
1945
|
| Teme: | |
| Oznake: |
Dodaj oznaku
Bez oznaka, Budi prvi tko označuje ovaj zapis!
|
| Thư viện lưu trữ: | Trung tâm Học liệu Trường Đại học Cần Thơ |
|---|
| LEADER | 00482nam a2200181Ia 4500 | ||
|---|---|---|---|
| 001 | CTU_81419 | ||
| 008 | 210402s9999 xx 000 0 und d | ||
| 082 | |a 338.91 | ||
| 082 | |b L347 | ||
| 100 | |a Lasswell, Harold D. | ||
| 245 | 0 | |a Worls polistics faces economic | |
| 245 | 0 | |c Harold D. Lasswell | |
| 260 | |a New York | ||
| 260 | |b McGraw-Hill | ||
| 260 | |c 1945 | ||
| 650 | |a Economic policy | ||
| 904 | |i Trọng Hải | ||
| 980 | |a Trung tâm Học liệu Trường Đại học Cần Thơ | ||